500 words to grow on / (Record no. 7345)

MARC details
000 -LEADER
fixed length control field 00894nam a22002777a 4500
001 - CONTROL NUMBER
control field 7345
003 - CONTROL NUMBER IDENTIFIER
control field FISKH
005 - DATE AND TIME OF LATEST TRANSACTION
control field 20250710094005.0
008 - FIXED-LENGTH DATA ELEMENTS--GENERAL INFORMATION
fixed length control field 250710b cb ||||| |||| 00| 0 eng d
020 ## - INTERNATIONAL STANDARD BOOK NUMBER
International Standard Book Number 9781606945148
040 ## - CATALOGING SOURCE
Original cataloging agency FISKH
Language of cataloging eng
Transcribing agency FISKH
Modifying agency FISKH
050 ## - LIBRARY OF CONGRESS CALL NUMBER
Classification number PE1119.M27
082 ## - DEWEY DECIMAL CLASSIFICATION NUMBER
Classification number 428.1
100 ## - MAIN ENTRY--PERSONAL NAME
Personal name McNaught, Harry
245 ## - TITLE STATEMENT
Title 500 words to grow on /
Statement of responsibility, etc. Illustrated by Harry McNaught
260 ## - PUBLICATION, DISTRIBUTION, ETC.
Place of publication, distribution, etc. New York :
Name of publisher, distributor, etc. Random House,
Date of publication, distribution, etc. 1973.
300 ## - PHYSICAL DESCRIPTION
Extent 32 unnumbered pages :
Other physical details color illustrations ;
Dimensions 21 cm
505 ## - FORMATTED CONTENTS NOTE
Formatted contents note E<br/>
520 ## - SUMMARY, ETC.
Summary, etc. Names of objects in English and Spanish and accompanying illustrations are grouped by topics such as colors, toys, animals, and tools.
521 8# - TARGET AUDIENCE NOTE
Target audience note 200<br/>
Source Lexile estimate<br/>
521 8# - TARGET AUDIENCE NOTE
Target audience note E<br/>
Source Raz-Plus<br/>
648 ## - SUBJECT ADDED ENTRY--CHRONOLOGICAL TERM
Chronological term Alphabet
Form subdivision Dictionary
General subdivision Picture Book
700 ## - ADDED ENTRY--PERSONAL NAME
Personal name Greve, Meg
Relator term Author
942 ## - ADDED ENTRY ELEMENTS (KOHA)
Source of classification or shelving scheme Dewey Decimal Classification
Koha item type Books
Suppress in OPAC No
Holdings
Withdrawn status Lost status Source of classification or shelving scheme Damaged status Not for loan Collection Home library Current library Shelving location Date acquired Total Checkouts Full call number Barcode Date last seen Copy number Price effective from Koha item type
    Dewey Decimal Classification     Non-Fiction Footprints International School Library Network Toul Kork Campus Footprints International School Library Network Toul Kork Campus TK Primary Library Room(4th Floor), Bookcase 7, Shelves 57-60, Dark Green Books 07/10/2025   MCN 428.1 PE1119.M27 FISBK01308 07/10/2025 1 07/10/2025 Books